Nurse's pocket drug guide 2008

Bibliographic Details
Main Author: Barberio, Judith A. (Author)
Format: Book
Language:English
Published: New York : bMcGraw-Hill , c2008
Subjects:

MARC

LEADER 00000cam a2200000 7i4500
001 0000052813
005 20100616093000.0
008 070902s2008 nyu eng
020 |a 2000017454 
050 0 0 |a RM301.12   |b .N88 2008 
060 1 0 |a QV 735   |b N974 2008 
090 0 0 |a QV 735   |b N974 2008 
245 0 0 |a Nurse's pocket drug guide 2008   |c editor, Judith A. Barberio 
260 |a New York :   |b bMcGraw-Hill ,   |c c2008 
300 |a xvii, 366 p. ;   |c 13 cm. 
504 |a Includes index 
650 0 |a Drugs   |v Handbooks, manuals, etc. 
650 0 |a Nursing   |v Handbooks, manuals, etc. 
650 1 2 |a Pharmaceutical Preparations   |x administration & dosage 
650 2 2 |a Drug Therapy   |x nursing 
655 2 |a Handbooks 
700 1 |a Barberio, Judith A. ,   |e author 
999 |a 1000112586   |b Book   |c OPEN SHELF (30 DAYS)   |e Medical Campus